01005cam a22002413a 45000010005000000030006000050050017000110080041000280400015000690420007000840500007000911000028000982450076001262600029002025050357002315060030005885160020006186530015006386530013006536530028006668300028006948560041007222278PGUSA20140828083012.0000801s2000||||xxu|||||s|||||000 | eng d aPGUSAbeng adc 4aPS1 aHarte, Bret,d1836-190210aCondensed Novels :bNew Burlesquesh[electronic resource] /cBret Harte bProject Gutenberg,c20000 aRupert the Resembler. By A-th--y H-pe -- The stolen cigar case. By A. Co--n D--le -- Golly and the Christian, or The minx and the Manxman. By H-ll C--ne -- The adventures of John Longbowe, yeoman -- Can'l Borem. By E. N---s W--t---t -- Stories three. By R-dy--d K-pl--ng. For Simla reasons, A private's honor, Jungle folk -- "Zut-Ski." by M-r-e C-r-lli aPublic domain in the USA. aElectronic text aBurlesques aParodies aShort stories, American 0aProject Gutenbergv227840uhttp://www.gutenberg.org/ebooks/2278